Statistiken für Liedtext - Der Steuersong - Gerd Show

Klicken Sie hier um das Quiz zu spielen!

Allgemein

  • Dieses Quiz wurde 158 mal gespielt
  • Das Durchschnittsergebnis liegt bei 299 aus 505

Antwortstatistiken

Textquiz% Korrekt
Ich
97%
ich
97%
'N
96%
'n
96%
Steuer
96%
die
94%
Die
94%
Da
93%
Das
93%
das
93%
Der
91%
der
91%
Ihr
91%
ihr
91%
ist
90%
an
87%
euch
87%
ja
87%
mich
87%
nich'
86%
nich
86%
nech
85%
nicht
85%
erhöh'
84%
Steuern
84%
mehr
81%
jetzt
80%
könnt
78%
und
78%
Und
78%
Demokratie
76%
gewählt
75%
Gewählt
75%
geile
74%
Geile
74%
'ne
74%
feuern
73%
ein
72%
den
70%
mir
70%
wo
70%
ein
69%
sie
69%
in
68%
ma'
67%
es
65%
hab
65%
Geld
64%
ne
63%
noch
63%
Wer
63%
Wie
63%
wie
63%
schon
62%
Schon
62%
zu
62%
Tasche
61%
von
61%
bin
60%
denn
60%
Denn
60%
du
60%
was
60%
Was
60%
du
59%
mal
58%
kann
56%
Euer
55%
euer
55%
greif
55%
hol
55%
hol'
55%
mal
55%
Doch
54%
doch
54%
egal
54%
für
54%
gibt
54%
Gibt
54%
Kanzler
54%
habt
53%
Habt
53%
'ner
53%
aus
52%
tief
52%
will
52%
Salat
50%
wenig
50%
Keine
49%
mach
49%
Asche
48%
mit
48%
nur
48%
so
48%
am
47%
Jeder
46%
man
46%
auch
45%
liegt
45%
oder
45%
Oder
45%
bunkert
44%
find
44%
Flaschen
44%
muss
44%
teuer
44%
wieder
44%
eure
43%
irgendwo
42%
paar
42%
bei
41%
heute
41%
Jahre
41%
Kohle
40%
hat
39%
werdet
39%
yeah
39%
Bestes
38%
Hammer
38%
kannst
38%
meine
38%
Spackos
38%
weiß
38%
wundern
38%
zieh
38%
bisschen
37%
Dabei
37%
einen
37%
Nix
37%
nix
37%
Sparschwein
37%
überraschen
37%
beliebt
36%
echt
36%
Fußpilz
36%
geht
36%
kommt
36%
lang
36%
Leute
36%
morgen
36%
Politik
36%
sparen
36%
Staat
36%
wäre
36%
wenn
36%
fertig
35%
Hundesteuer
35%
Kaum
35%
wird
35%
zahlen
35%
gar
34%
Im
34%
machen
34%
Ah
33%
Bierchen
33%
Haarfärbe-Steuer
33%
Tabaksteuer
33%
Vater
33%
zum
33%
ALDI
32%
braucht
32%
wohl
32%
zwar
32%
geglaubt
31%
'nem
31%
brechen
30%
kauf
30%
Penny-Markt
30%
sehen
30%
versprechen
30%
einfach
29%
ganz
29%
Hahaha
29%
nochmal
29%
Steuerrad
29%
Willst
29%
besser
28%
drehe
28%
Getränkesteuer
28%
lau
28%
LIDL
28%
viele
28%
Geldschein
27%
Gerd-Show
27%
Kies
27%
Kröten
27%
denen
26%
Ökosteuer
26%
Umsatz-
26%
jeden
25%
Schlechtwetter-Steuer
25%
drum
24%
KFZ
24%
Schotter
24%
wandern
24%
wärs
24%
einzelnen
23%
ihren
23%
darfst
22%
Einkommenspirat
22%
eurer
22%
Preis
22%
Pulver
22%
Qualität
22%
satt
22%
Arbeitslosen
21%
Beispiel
21%
Essen
21%
gäb
21%
Krötenwanderung
21%
Liebe
21%
abdrücken
20%
erst
20%
große
20%
Luft
20%
rot
20%
Bald
19%
beim
19%
für's
19%
kauen
19%
Abkochen
18%
Hummer
18%
Achtung
17%
Kennt
17%
Unterschied
17%
Erdoberflächennutzungssteuer
16%
Mitbürger
16%
Mitbürgerinnen
16%
öfters
16%
Verdauen
16%
zwischen
16%
Atemaufschlag:
15%
BUH
15%
auf's
14%
Übrigen:
13%
Biosteuern
11%
Zeittarif
10%
Chauffeur
8%

Verteilung der Resultate

Perzentil nach korrekt beantworteten Fragen

Anzahl Personen mit jedem Resultat

Ihre Resultats-Entwicklung

Sie haben dieses Quiz noch nicht gespielt